Entry Personal Name
Number of records used in: 1
001 - CONTROL NUMBER
003 - CONTROL NUMBER IDENTIFIER
005 - DATE AND TIME OF LATEST TRANSACTION
- control field:
20200114144806.0
008 - FIXED-LENGTH DATA ELEMENTS
- fixed length control field:
781127n| azannaabn |a aaa
010 ## - LIBRARY OF CONGRESS CONTROL NUMBER
- LC control number:
n 78088829
024 7# - OTHER STANDARD IDENTIFIER
- Standard number or code:
0000000398408305
- Source of number or code:
isni
035 ## - SYSTEM CONTROL NUMBER
- System control number:
(OCoLC)oca00223999
040 ## - CATALOGING SOURCE
- Original cataloging agency:
DLC
- Language of cataloging:
eng
- Description conventions:
rda
- Transcribing agency:
DLC
- Modifying agency:
CoU
- Modifying agency:
GVaS
046 ## - SPECIAL CODED DATES
- Birth date:
1939-08-12
- Source of date scheme:
edtf
100 1# - HEADING--PERSONAL NAME
- Personal name:
Burton, Richard M.
370 ## - ASSOCIATED PLACE
- Associated country:
Uinted States
- Other associated place:
Durham (N.C.)
- Source of term:
naf
371 ## - ADDRESS
- Electronic mail address:
rmb2@duke.edu
372 ## - FIELD OF ACTIVITY
- Field of activity:
Education, Higher
- Field of activity:
Organizational sociology
- Source of term:
lcsh
373 ## - ASSOCIATED GROUP
- Associated group:
Fuqua School of Business (Duke University)
- Source of term:
naf
- Start period:
1970
- End period:
2013
373 ## - ASSOCIATED GROUP
- Associated group:
University of Illinois at Urbana-Champaign
- Source of term:
naf
374 ## - OCCUPATION
- Occupation:
College teachers
- Occupation:
Business teachers
- Occupation:
Authors
- Source of term:
lcsh
375 ## - GENDER
- Gender:
Males
- Source of term:
lcdgt
377 ## - ASSOCIATED LANGUAGE
378 ## - FULLER FORM OF PERSONAL NAME
- Fuller form of personal name:
Richard Max
400 1# - SEE FROM TRACING--PERSONAL NAME
- Personal name:
Burton, Richard Max
510 2# - SEE ALSO FROM TRACING--CORPORATE NAME
- Control subfield:
r
- Relationship information:
Employer:
- Corporate name or jurisdiction name as entry element:
Duke University
670 ## - SOURCE DATA FOUND
- Source citation:
His Mixed price ... 1977:
- Information found:
t.p. (Richard M. Burton, p.t. Grad. Sch. of Busin. Adm., Duke Univ.)
670 ## - SOURCE DATA FOUND
- Source citation:
His Designing efficient organizations, c1984:
- Information found:
CIP t.p. (Richard M. Burton) data sheet (b. 8/12/39; Burton, Richard Max)
670 ## - SOURCE DATA FOUND
- Source citation:
Strategic organizational diagnosis and design, c1998:
- Information found:
title page (Richard M. Burton, the Fuqua School of Business, Duke University)
670 ## - SOURCE DATA FOUND
- Source citation:
Duke University Fuqua School of Business website, viewed July 6, 2017
- Information found:
(Richard M. Burton, professor emeritus; teaching/research interests: organizational design, computational organization theory)
670 ## - SOURCE DATA FOUND
- Source citation:
Duke Fuqua university website, viewed July 29, 2019
- Information found:
(Rich Burton received his DBA from the University of Illinois and was a professor of business administration in Fuqua's strategy area from 1970 until his retirement in 2013. Email: rmb2@duke.edu)
- Uniform Resource Identifier:
https://www.fuqua.duke.edu/faculty/richard-burton